|
|
|
|
| LEADER |
00799nam a2200229 a 4500 |
| 001 |
GR-MES2304 |
| 008 |
991111s gr 000 b eng d |
| 020 |
|
|
|a 0135712173
|
| 040 |
|
|
|a GrPaTEI
|b gre
|c GR-PaULI
|
| 245 |
0 |
0 |
|a Cost accounting :
|b A managerial emphasis.
|
| 250 |
|
|
|a 9th
|
| 260 |
|
|
|b Prentice-Hall,
|c c1997
|
| 300 |
|
|
|a 1012σελ. :
|b εικ.,πιν.
|
| 650 |
|
4 |
|a Λογιστική
|
| 650 |
|
4 |
|a Λογιστική κόστους
|
| 700 |
1 |
|
|a Datar, S.
|
| 700 |
1 |
|
|a Foster, G.
|
| 700 |
1 |
|
|a Horngren, C.
|
| 942 |
|
|
|2 ddc
|
| 952 |
|
|
|0 0
|1 0
|2 ddc
|4 0
|6 658_154000000000000_HOR
|7 0
|9 266649
|a MSLG
|b MSLG
|c BSC
|d 2021-01-17
|e 24
|f 0
|g 0.00
|l 0
|o 658.154 HOR
|p 2420000012426
|r 2021-01-17 00:00:00
|t 1
|w 2021-01-17
|y BK15
|x 19991111 0 1
|x GrPaTEI
|
| 971 |
|
|
|a .b25733485
|b 15-04-20
|c 13-09-16
|
| 999 |
|
|
|c 153428
|d 153428
|